Los asesinos del General Prim / (Record no. 117598)

MARC details
000 -LEADER
campo de control de longitud fija 00773nam a2200217 i 4500
001 - NÚMERO DE CONTROL
campo de control 117598
003 - IDENTIFICADOR DE NÚMERO DE CONTROL
campo de control ES-MaACL
005 - FECHA Y HORA DE LA ÚLTIMA TRANSACCIÓN
campo de control 20260301184635.0
007 - CAMPO FIJO DE DESCRIPCIÓN FÍSICA--INFORMACIÓN GENERAL
campo de control de longitud fija t|
008 - DATOS DE LONGITUD FIJA--INFORMACIÓN GENERAL
campo de control de longitud fija 070214s1960 sp r ||||1| spa d
100 1# - ENTRADA PRINCIPAL--NOMBRE DE PERSONA
Nombre de persona Pedrol Rius, Antonio.
9 (RLIN) 89934
245 14 - MENCIÓN DEL TÍTULO
Título Los asesinos del General Prim /
Mención de responsabilidad, etc. Antonio Pedrol Rius ; prólogo de D. Eduardo Aunós ; epílogo del Dr. de la Fuente Chaos.
260 ## - PUBLICACIÓN, DISTRIBUCIÓN, ETC.
Lugar de publicación, distribución, etc. Madrid :
Nombre del editor, distribuidor, etc. Tebas,
Fecha de publicación, distribución, etc. 1960.
300 ## - DESCRIPCIÓN FÍSICA
Extensión 136 p. lám 1-16 ;
Dimensiones 22 cm.
600 14 - PUNTO DE ACCESO ADICIONAL DE MATERIA--NOMBRE DE PERSONA
Nombre de persona Prim, Juan,
Fechas asociadas al nombre 1814-1870
9 (RLIN) 242561
651 #7 - PUNTO DE ACCESO ADICIONAL DE MATERIA--NOMBRE GEOGRÁFICO
Nombre geográfico España-
Subdivisión general Historia-
Subdivisión cronológica S.XIX
Fuente del encabezamiento o término
9 (RLIN) 142005
700 1# - ENTRADA AGREGADA--NOMBRE PERSONAL
Nombre de persona Aunós Pérez, Eduardo,
Fechas asociadas al nombre 1894-1967
9 (RLIN) 23920
700 1# - ENTRADA AGREGADA--NOMBRE PERSONAL
Nombre de persona Fuente Chaos, Alfonso de la,
Fechas asociadas al nombre 1908-1988
9 (RLIN) 52864
852 ## - LOCALIZACIÓN
Ubicación ES-MaACL
Número de control de estantería C-19166
Sublocalización o colección R.46187
Holdings
Estatus retirado Estado de pérdida Estado de daño No para préstamo Biblioteca de origen Biblioteca actual Ubicación en estantería Fecha de adquisición Fuente de adquisición Total de préstamos Signatura topográfica completa Código de barras Visto por última vez Precio de reemplazo Tipo de ítem Koha
        Biblioteca del Ateneo de Madrid Biblioteca del Ateneo de Madrid Galería 17/01/2008     C-19166 1122603 23/02/2023 23/02/2023 Libro impreso